000 00864nam0a22002651 4500
001 rc\4517301
005 20130416180136.6
021 _aRU
_b[64-77314]
035 _a(NLR Aleph) 008622951
090 _a8834761
_c8834761
100 _a20130416d1964 |||y0rusy50 ca
101 0 _arus
102 _aRU
105 _aa z |||||
200 1 _aУвеличение устойчивости сушеного картофеля при хранении
210 _aМосква
_cПищевая пром-сть
_d1964
215 _a59 с.
_cил.
_d21
320 _aБиблиогр. в конце книги
606 _aКартофель сушеный
_xХранение
_2psbo
700 1 _aКац
_bЗ. А.
_gЗинаида Абрамовна
801 0 _aRU
_bNLR
_gpsbo
801 1 _aRU
_bELAR
_2rusmarc
852 _aNLR
_j64-6/11830
942 _cBOOK
980 _aNB